| 000 | 00659nam a22001937a 4500 | ||
|---|---|---|---|
| 005 | 20250915152857.0 | ||
| 010 | _aEGN-146565 | ||
| 020 |
_c300.00 _a9788197176364 |
||
| 035 | _aEN-130097 | ||
| 037 | _bDBAD | ||
| 082 | _a320.954 | ||
| 100 |
_aMahanta,Maini _985074 |
||
| 245 |
_aHerstory: _bFemale Leader in Northeast Indian Politics/ _cMaini Mahanta and Deepika Chhetri |
||
| 260 |
_aGuwahati _bPurbanchal Prakash _c2025 |
||
| 270 |
_aH.No.-2, Sewjee Path , Dr. B.N. Saikia Road , Wireless _bGuwahati _e6 _mpurbanchal_prakash@yahoo.com |
||
| 300 |
_a116p. _c23cm |
||
| 700 |
_aDeepika Chhetri _984542 |
||
| 942 |
_2ddc _cEN _h320.954 _mMHA |
||
| 999 |
_c213270 _d213270 |
||